000 01640nam2a22002531 4500
001 RU\NLR\INFOCOMM29\5000109206
005 20250617145556.0
035 _a(NLR Aleph) 002728700
090 _a1942145
_c1942145
100 _a20050207d1983 |||y0rusy50 ca
101 0 _arus
102 _aRU
105 _ay ||||000|y
200 1 _aОсновные направления повышения технического уровня, экономичности и надежности при изготовлении и эксплуатации трансформаторов за рубежом
_fН.Н. Хубларов
210 _d1983
_aБ. м.
461 0 _1001RU\NLR\INFOCOMM29\5000109181
_12001#$aЭлектротехническая промышленность$eОбзор. информ.$hСерия 03$iТрансформаторы, комплектные подстанции, реакторы$fВНИИ информ. и техн.-экон. исслед. в электротехнике (Информэлектро)$v1983, Вып.1
_91941405
_cМ.
_d1983-
_fВНИИ информ. и техн.-экон. исслед. в электротехнике (Информэлектро)
_hСерия 03
_iТрансформаторы, комплектные подстанции, реакторы
_nИнформэлектро
_oОбзор. информ.
_tЭлектротехническая промышленность
_v1983, Вып.1
700 1 _aХубларов
_bН.Н.
_4070
801 1 _aRU
_bInfoComm
_c20050207
801 0 _aRU
_bNLR
_gPSBO
852 _aNLR
_jП10/5997
942 _cISSUE
980 _aNB
980 _aRUSPER